Girls und Panzer Match - Statistics

General Stats
  • This quiz has been taken 22 times
  • The average score is 15 of 21
Answer Stats
Number School Match Enemy % Correct
4 Ooarai vs Pravda
100%
11 Viking fisheries vs Pravda
100%
2 Ooarai vs Saunders
94%
12 Blue Division vs Saunders
94%
3 Ooarai vs Anzio
88%
15 Bonple vs Anzio
88%
5 Ooarai vs Kuromorimine
88%
10 Maginot vs Kuromorimine
88%
17 Pravda vs Kuromorimine
88%
1 Ooarai vs St Gloriana
88%
13 Waffle academy vs St Gloriana
88%
18 Anzio vs St Gloriana
88%
21 Kuromorimine vs St Gloriana
88%
8 Ooarai vs BC Freedom
75%
16 Ooarai vs Chihatan
63%
6 Ooarai-Chihatan vs St Gloriana-Pravda
56%
14 Yogurt academy vs Jatkosota
38%
19 Sauders vs Jatkosota
38%
20 Ooarai vs Jatkosota
38%
9 Chihatan vs Koala Forest
31%
7 Ooarai vs University team
13%
No matching quizzes found
Score Distribution
Percent of People with Each Score
Percentile by Number Answered
Your Score History
You have not taken this quiz